000 00692nam a22002297a 4500
005 20170124110240.0
010 _a972950
020 _c00.00
035 _a972950
037 _bCen Lib/Ret
040 _aDPL
_bEN
082 _a739.270954
_bJAM
100 _aJamila Brijbhusan
_994514
245 _aMasterpieces of Indian jewellery /
_cby Jamila Brijbhusan
246 _b
260 _aBombay
_bB.D. Taraporevala Sons & Co.
_c1979
270 _bBombay
_a210, Dr. D. Naroji road
_e400022
300 _avarious pagings. :
_c27cm(Hb)
_bill.
650 _aIndian jewelerry -- Ornaments
_994515
650 _aOrnaments
_994516
942 _2ddc
_cEN
_h739.270954
_mJAM
999 _c135122
_d135122